Evaluating ESG Practices and Financial Impacts: A Comprehensive Analysis of Leading European Enterprises under CSR Europe's Framework
Táto štúdia skúma integráciu a vplyv environmentálnych, sociálnych a správnych (ESG) postupov vo veľkých európskych podnikoch z rôznych odvetví, ktoré sú pridružené k iniciatíve CSR Europe, čo je vplyvná sieť presadzujúca udržateľnosť. Vzhľadom na blížiacu sa požiadavku na integrované výročné správy...
Gespeichert in:
| 1. Verfasser: | |
|---|---|
| Weitere Verfasser: | , |
| Format: | Buchkapitel |
| Sprache: | Englisch |
| Schlagworte: | |
| Tags: |
Keine Tags, Fügen Sie das erste Tag hinzu!
|
MARC
| LEADER | 00000naa a2200000 4500 | ||
|---|---|---|---|
| 001 | 0310815 | ||
| 005 | 20250708120103.2 | ||
| 041 | 0 | |a eng | |
| 044 | |a PL | ||
| 245 | 1 | 0 | |a Evaluating ESG Practices and Financial Impacts: A Comprehensive Analysis of Leading European Enterprises under CSR Europe's Framework |c Gabriela Dubcová, Emil Velinov, Martina Košíková |
| 520 | |a Táto štúdia skúma integráciu a vplyv environmentálnych, sociálnych a správnych (ESG) postupov vo veľkých európskych podnikoch z rôznych odvetví, ktoré sú pridružené k iniciatíve CSR Europe, čo je vplyvná sieť presadzujúca udržateľnosť. Vzhľadom na blížiacu sa požiadavku na integrované výročné správy kombinujúce ESG a finančné zverejnenia v roku 2025 podľa smernice o podávaní správ o udržateľnosti podnikov (CSRD), tento výskum hodnotí, ako tieto podniky dodržiavajú a implementujú princípy ESG vo svojej prevádzke. | ||
| 610 | 2 | 0 | |a správy výročné |
| 610 | 2 | 0 | |a rozvoj trvalo udržateľný |
| 610 | 2 | 0 | |a zodpovednosť podniku spoločenská |
| 610 | 2 | 0 | |a korporácie |
| 100 | 1 | |a Dubcová, Gabriela, 1968- | |
| 700 | 1 | |a Velinov, Emil | |
| 700 | 1 | |a Košíková, Martina, 1997- | |